Test de matrices progresivas: para la medida de la capacidad intelectual. Escala especial
Gespeichert in:
| 1. Verfasser: | |
|---|---|
| Format: | Buch |
| Sprache: | Spanisch |
| Veröffentlicht: |
Buenos Aires
Paidós
1976
|
| Ausgabe: | 2a. ed |
| Schriftenreihe: | Biblioteca de Psicometría y Psicodiagnóstico, 3b
|
| Schlagworte: | |
| Tags: |
Tag hinzufügen
Keine Tags, Fügen Sie den ersten Tag hinzu!
|
MARC
| LEADER | 00000nam a2200000 a 4500 | ||
|---|---|---|---|
| 001 | UCU1533 | ||
| 003 | CL-VaPUC | ||
| 008 | 960409e19760000AG |||||||||||||||||spa|d | ||
| 082 | 0 | 4 | |a 153.93 |b RAV |2 21 |
| 100 | 0 | |a Raven, J. C |e author |9 357160 | |
| 245 | 1 | 0 | |a Test de matrices progresivas: para la medida de la capacidad intelectual. Escala especial |
| 250 | |a 2a. ed | ||
| 300 | |a 45 p | ||
| 942 | |c BK | ||
| 945 | |d 19960409 00:00:00 |a paguirre | ||
| 260 | |a Buenos Aires |b Paidós |c 1976 | ||
| 500 | |a Para sujetos de 4 a 11 años | ||
| 500 | |a PRESTAMO RESTRINGIDO: Carpeta de Evaluación | ||
| 650 | 0 | |a Inteligencia |9 267038 | |
| 650 | 0 | |a Cognición |9 270347 | |
| 650 | 7 | |a TESTS DE INTELIGENCIA |2 CL-VaPUC |9 309468 | |
| 650 | 7 | |a COEFICIENTE INTELECTUAL |2 CL-VaPUC |9 310797 | |
| 650 | 0 | |a Psicología del niño |9 307305 | |
| 583 | |a last modification |c 19960409 00:00:00 |k Rodrigo Vera | ||
| 490 | 0 | |a Biblioteca de Psicometría y Psicodiagnóstico, 3b | |
| 999 | |c 246105 |d 246103 | ||
| 952 | |0 0 |1 0 |4 0 |6 153_930000000000000_RAV_1976 |7 0 |8 R |9 260851 |a BIBEDU |b BIBEDU |c MCIRC |d 2019-11-19 |i 201257K |o 153.93 RAV 1976 |p 201257K |r 2023-01-13 |w 2019-11-19 |y BK_R |k EDU | ||